| 000 | 00765nmm a2200277 a 4500 | ||
|---|---|---|---|
| 003 | AR-BaBNM | ||
| 005 | 20251128210958.0 | ||
| 008 | 285020s2001 ||||||||||||||000 | spa|| | ||
| 020 | _a950-06-0141-9 | ||
| 040 | _cAR-BaBNM | ||
| 100 | 1 | _aBobath, Karel | |
| 245 | 1 | 0 | _aTrastornos cerebromotores en el niño |
| 250 | _a1ª ed. | ||
| 260 |
_aBuenos Aires _bEditorial Médica Panamericana _c2001 |
||
| 300 | 0 |
_a194 p. _btbls. |
|
| 650 | 4 | _aEDUCACION ESPECIAL | |
| 650 | 4 | _aTRASTORNOS NEUROLOGICOS | |
| 650 | 4 | _aTRASTORNOS PSICOMOTRICES | |
| 650 | 4 | _aDIAGNOSTICO MEDICO | |
| 650 | 4 | _aDESARROLLO DEL NINO | |
| 653 | _aDISCAPACITADOS | ||
| 700 | 1 | _aKöng, E. | |
| 700 | 1 |
_aBernaldo de Quirós, Julio _eprologuista |
|
| 942 | _cBK | ||
| 998 | _cme-solo cat | ||
| 999 |
_c17732 _d17732 |
||